Tenant-right valuation and current legislation (Record no. 86059)

MARC details
000 -LEADER
fixed length control field 00408cam a2200181 4500
001 - CONTROL NUMBER
control field D12621
008 - FIXED-LENGTH DATA ELEMENTS--GENERAL INFORMATION
fixed length control field 090401t1948 xxu||||| |||| 00| 0 eng d
035 ## - SYSTEM CONTROL NUMBER
System control number (Sirsi) u4752
041 ## - LANGUAGE CODE
Language code of text/sound track or separate title eng
100 ## - MAIN ENTRY--PERSONAL NAME
Personal name Denman, D.
245 ## - TITLE STATEMENT
Title Tenant-right valuation and current legislation
260 ## - PUBLICATION, DISTRIBUTION, ETC.
Name of publisher, distributor, etc. Heffer
Date of publication, distribution, etc. 1948
300 ## - PHYSICAL DESCRIPTION
Extent 74p
350 ## - PRICE (NR) (BK AM CF MU VM SE) [OBSOLETE]
Price 0.25
520 ## - SUMMARY, ETC.
Summary, etc. Shelf 114
942 ## - ADDED ENTRY ELEMENTS (KOHA)
Suppress in OPAC 0
948 ## - LOCAL PROCESSING INFORMATION (OCLC); SERIES PART DESIGNATOR (RLIN)
c (OCLC) 04/03/1997
Holdings
Withdrawn status Lost status Source of classification or shelving scheme Damaged status Not for loan Home library Current library Shelving location Date acquired Cost, normal purchase price Total Checkouts Full call number Barcode Date last seen Copy number Cost, replacement price Price effective from Koha item type
    Other/Generic Classification Scheme     London London Basement 14/09/1999 0.25   SHELF 114 30005567 06/08/2019 1 0.25 06/08/2019 Reference material